| 000 | 00672nam a22002055a 4500 | ||
|---|---|---|---|
| 008 | 161219b20041997ii a|||fr|||| 000 0 eng d | ||
| 020 | _a8186308350 | ||
| 020 | _a9788186308356 | ||
| 040 |
_aEG-ScBUE _beng _cEG-ScBUE |
||
| 082 | 0 | 4 |
_222 _a621.3815 _bCHA |
| 100 | 1 |
_911431 _aChakraverty, Snehashish. |
|
| 245 |
_aLaboratory experiments on electronic circuits / _cS. Chakraverty. |
||
| 260 |
_aNew Delhi : _bN. C. Jain for Standard Publishers Distributers, _c2004. |
||
| 300 |
_a207 p. : _bill. ; _c24 cm. |
||
| 590 | _aWessam | ||
| 650 | 7 |
_2BUEsh _933899 _aElectronic circuit design. |
|
| 651 | _2BUEsh | ||
| 653 |
_bENGELC _cDecember2016 |
||
| 942 |
_2ddc _e22 _k621.3815 CHA |
||
| 999 |
_c23639 _d23611 |
||